Planning and engineering of radio relay links

I tiakina i:
Ngā taipitopito rārangi puna kōrero
Ngā kaituhi matua: Brodhage, Helmut (Author), Hormuth, Wilhelm (Author)
Hōputu: Pukapuka
Reo:Ingarihi
I whakaputaina: Londres Heyden & Son 1977
Putanga:8a. ed
Ngā marau:
Ngā Tūtohu: Tāpirihia he Tūtohu
Kāore He Tūtohu, Me noho koe te mea tuatahi ki te tūtohu i tēnei pūkete!

MARC

LEADER 00000nam a2200000 a 4500
001 UCU6252
003 CL-VaPUC
008 960614e19770000UK |||||||||||||||||eng|d
082 0 4 |a 621.384  |b BRO  |2 21 
100 0 |a Brodhage, Helmut  |e author  |9 364444 
700 0 |a Hormuth, Wilhelm  |e author  |9 364445 
245 1 0 |a Planning and engineering of radio relay links 
250 |a 8a. ed 
300 |a 208 p 
942 |c BK 
945 |d 19960614 00:00:00  |a paguirre 
260 |a Londres  |b Heyden & Son  |c 1977 
650 7 |a RADIOFRECUENCIAS  |2 CL-VaPUC  |9 363651 
650 7 |a REPETIDORES  |2 CL-VaPUC  |9 363106 
650 0 |a Circuitos electrónicos  |9 260204 
650 7 |a RUIDO  |2 CL-VaPUC  |9 263306 
650 0 |a Antenas  |9 263309 
650 7 |a FRECUENCIAS  |2 CL-VaPUC  |9 360857 
650 0 |a Redes de información  |9 230208 
583 |a last modification  |c 19960614 00:00:00  |k Rodrigo Vera 
999 |c 249262  |d 249260 
952 |0 0  |1 0  |4 0  |6 621_384000000000000_BRO_1977  |7 0  |8 A  |9 266427  |a BIBING  |b BIBING  |d 2019-11-19  |i 1689673  |o 621.384 BRO 1977  |p 1689673  |r 2025-01-20  |w 2019-11-19  |y BK  |k EIE 
952 |0 0  |1 0  |4 0  |6 621_384000000000000_BRO_1977  |7 0  |8 A  |9 266429  |a BIBING  |b BIBING  |d 2019-11-19  |i 1689983  |o 621.384 BRO 1977  |p 1689983  |r 2025-01-20  |w 2019-11-19  |y BK  |k EIE